Think Fast! #1 - Statistics

General Stats
  • This quiz has been taken 141 times
    124 since last reset
  • The average score is 6 of 30
Answer Stats
Question Answer % Correct
What is the common term used for cartoons that were originally made in Japan? Anime
65%
"Pride and Prejudice" is a well-known novel written in 1813 by what female author? Jane Austen
57%
What is the largest city, by population, of Canada? Toronto, ON
54%
The term "back of the net" originated from what sport? Football (Soccer)
50%
What educator and Cornell alumni gained notoriety for being "the Science Guy"? Bill Nye
48%
In math, what is the theorem where a^2 + b^2 = c^2? Pythagorean Theorem
41%
Which one of the seven sins would Scrooge McDuck be guilty of? Greed
40%
What country's flag has a blue background with a yellow cross? Sweden
28%
What 2013 hit was a collaboration between French house artists Daft Punk and hip-hop guru Pharrell Williams? Get Lucky
24%
Nancy Pelosi is the only female to hold what political title? Speaker of the House
24%
What is the oldest underground railway network in the world? London Underground
20%
New South Wales is a state on the east coast of what country? Australia
19%
"Survival of the fittest" is another term for what principle of evolution? Natural Selection
19%
What Austrian energy drink was introduced in 1987? Red Bull
18%
Yale University is located in what Connecticut city? New Haven, CT
14%
What Eurpoean country's anthem is known in its' native tounge as "Wilhelmus"? The Netherlands
14%
Backwoods Barbie was the 40th album by what country music mega-star? Dolly Parton
9%
What former MLB team became the Washington Nationals in 2004? Montreal Expos
9%
What Nintendo series had a licensed appearance by WBC and WBA Heavyweight Champion "Iron" Mike Tyson? Punch-Out!
8%
Dav Pilkey created what graphic novel series about a bald superhero in underwear? Captain Underpants
7%
Which college based in New Orleans, Louisiana is nicknamed the "Green Wave"? Tulane University
5%
A Sunday Afternoon on the Island of La Grande Jatte is a well-known painting by what French artist? Georges Seurat
2%
Russia will host the World Cup in 2018. What 81,000-seat stadium will host the final? Luzhniki Stadium
2%
Which British modern-rock band formed in 1994 and released songs such as "Knights of Cydonia" and "Hysteria"? Muse
2%
What British game show recently received an American version in August of 2013? The Chase
2%
Tijs Michiel Verwest is better known by what stage name? Tiësto
2%
Who was the first wrestler to be inducted in the WWE Hall of Fame in 1993? Andre the Giant
1%
Which Premier League team is owned by American businessman Randy Lerner? Aston Villa F.C.
1%
The Art Ross Trophy is awarded to whoever scores the most points in what league? National Hockey League
1%
Gabby Douglas, 2012 gold medalist in all-around gymnastics, was born in what seaside town? Virginia Beach, VA
1%
No matching quizzes found
Score Distribution
Percent of People with Each Score
Percentile by Number Answered
Your Score History
You have not taken this quiz since the last reset